Animation by Necktie Quiz Stats

 Plays Quiz Updated Sep 20, 2018

Challenge
Share
Tweet
Score 0/24 Timer 05:00
1 Play Today
% Correct
The Pink Panther
Show
93.5%
Teenage
Mutant
Ninja
Turtles
93.4%
My Little Pony:
Friendship
Is Magic
93.3%
Garfield and
Friends
93.1%
Thomas &
Friends
92.5%
The Simpsons
92%
SpongeBob
SquarePants
91.7%
The Smurfs
91.6%
South Park
91.5%
Scooby-Doo,
Where Are You!
91.1%
DuckTales
90.7%
The Flintstones
90.5%
% Correct
The Yogi Bear
Show
90.4%
Family Guy
89.7%
Speed Racer
87.8%
Beavis and
Butt-Head
87.8%
VeggieTales
87.4%
King of
the Hill
86.9%
Hong Kong
Phooey
86.1%
The Jetsons
85.8%
The Gumby
Show
85.5%
The Rocky and
Bullwinkle Show
84.1%
Davey and
Goliath
80.7%
Space Ghost
Coast to
Coast
75.5%

You're not logged in!

Compare scores with friends on all Sporcle quizzes.
OR
Log In

You Might Also Like...

Show Comments

Extras

Top Quizzes Today


Score Distribution

Your Account Isn't Verified!

In order to create a playlist on Sporcle, you need to verify the email address you used during registration. Go to your Sporcle Settings to finish the process.

Report this User

Report this user for behavior that violates our Community Guidelines.

Details: